<?xml version="1.0" encoding="UTF-8"?>
<record
    xmlns:xsi="http://www.w3.org/2001/XMLSchema-instance"
    xsi:schemaLocation="http://www.loc.gov/MARC21/slim http://www.loc.gov/standards/marcxml/schema/MARC21slim.xsd"
    xmlns="http://www.loc.gov/MARC21/slim">

  <leader>02724nam a22002417a 4500</leader>
  <controlfield tag="003">OSt</controlfield>
  <controlfield tag="005">20260213155533.0</controlfield>
  <controlfield tag="008">260213b        |||||||| |||| 00| 0 eng d</controlfield>
  <datafield tag="020" ind1=" " ind2=" ">
    <subfield code="a">9789363861138</subfield>
  </datafield>
  <datafield tag="040" ind1=" " ind2=" ">
    <subfield code="c">AIMIT LIBRARY</subfield>
  </datafield>
  <datafield tag="082" ind1=" " ind2=" ">
    <subfield code="2">1</subfield>
    <subfield code="a">658.4038011</subfield>
    <subfield code="b">SCHS</subfield>
  </datafield>
  <datafield tag="100" ind1=" " ind2=" ">
    <subfield code="a">Scheps, Swain.</subfield>
    <subfield code="9">254663</subfield>
  </datafield>
  <datafield tag="245" ind1=" " ind2=" ">
    <subfield code="a">Business intelligence for dummies /</subfield>
    <subfield code="c">By Swain Scheps.</subfield>
  </datafield>
  <datafield tag="250" ind1=" " ind2=" ">
    <subfield code="a">1st ed.</subfield>
  </datafield>
  <datafield tag="260" ind1=" " ind2=" ">
    <subfield code="a">New Delhi :</subfield>
    <subfield code="b">Wiley ,</subfield>
    <subfield code="c">2025.</subfield>
  </datafield>
  <datafield tag="300" ind1=" " ind2=" ">
    <subfield code="a">xxii, 358p. ;</subfield>
    <subfield code="b">PB</subfield>
    <subfield code="c">24 cm.</subfield>
  </datafield>
  <datafield tag="500" ind1=" " ind2=" ">
    <subfield code="a">Business Intelligence For Dummies makes BI understandable! It takes you step by step through the technologies and the alphabet soup, so you can choose the right technology and implement a successful BI environment. You'll see how the applications and technologies work together to access, analyze, and present data that you can use to make better decisions about your products, customers, competitors, and more.</subfield>
  </datafield>
  <datafield tag="505" ind1=" " ind2=" ">
    <subfield code="a">Introduction.

Part I: Introduction and Basics.

Chapter 1: Understanding Business Intelligence.

Chapter 2: Fitting BI with Other Technology Disciplines.

Chapter 3: Meeting the BI Challenge.

Part II: Business Intelligence User Models.

Chapter 4: Basic Reporting and Querying.

Chapter 5: OLAP: Online Analytical Processing.

Chapter 6: Dashboards and Briefing Books.

Chapter 7: Advanced / Emerging BI Technologies.

Part III: The BI Lifecycle.

Chapter 8: The BI Big Picture.

Chapter 9: Human Factors in BI Implementations.

Chapter 10: Taking a Closer Look at BI Strategy.

Chapter 11: Building a Solid BI Architecture and Roadmap.

Part IV: Implementing BI.

Chapter 12: Building the BI Project Plan.

Chapter 13: Collecting User Requirements.

Chapter 14: BI Design and Development.

Chapter 15: The Day After: Maintenance and Enhancement.

Part V: BI and Technology.

Chapter 16: BI Target Databases: Data Warehouses, Marts, and Stores.

Chapter 17: BI Products and Vendors.

Part VI: The Part of Tens.

Chapter 18: Ten Keys to BI Success.

Chapter 19: Ten BI Risks (and How to Overcome Them).

Chapter 20: Ten Keys to Gathering Good BI Requirements.

Chapter 21: Ten Secrets to a Successful BI Deployment.

Chapter 22: Ten Secrets to a Healthy BI Environment.

Chapter 23: Ten Signs That Your BI Environment Is at Risk.

Index.</subfield>
    <subfield code="r">About the Author
Swain Scheps is Manager of Business Analysis at Brierley + Partners, Inc. and a technology veteran making his first foray into the world of book authoring.

</subfield>
  </datafield>
  <datafield tag="650" ind1=" " ind2=" ">
    <subfield code="a">Understanding business intelligence</subfield>
    <subfield code="9">254664</subfield>
  </datafield>
  <datafield tag="650" ind1=" " ind2=" ">
    <subfield code="a">Dashboards and briefing books</subfield>
    <subfield code="9">254665</subfield>
  </datafield>
  <datafield tag="650" ind1=" " ind2=" ">
    <subfield code="a">Building a solid BI architecture and roadmap</subfield>
    <subfield code="9">254666</subfield>
  </datafield>
  <datafield tag="942" ind1=" " ind2=" ">
    <subfield code="2">ddc</subfield>
    <subfield code="c">BK</subfield>
    <subfield code="e">1st </subfield>
    <subfield code="k">658.4038011 SCHS</subfield>
  </datafield>
  <datafield tag="999" ind1=" " ind2=" ">
    <subfield code="c">240894</subfield>
    <subfield code="d">240894</subfield>
  </datafield>
  <datafield tag="952" ind1=" " ind2=" ">
    <subfield code="0">0</subfield>
    <subfield code="1">0</subfield>
    <subfield code="2">ddc</subfield>
    <subfield code="4">0</subfield>
    <subfield code="7">0</subfield>
    <subfield code="8">MBA</subfield>
    <subfield code="a">AIMIT</subfield>
    <subfield code="b">AIMIT</subfield>
    <subfield code="c">DSBIS</subfield>
    <subfield code="d">2026-02-12</subfield>
    <subfield code="e">SK Publishers &amp; Distributors</subfield>
    <subfield code="g">959.00</subfield>
    <subfield code="i">Bill.No:4043; Bill.dt:2026/02/02</subfield>
    <subfield code="l">0</subfield>
    <subfield code="o">658.4038011 SCHS</subfield>
    <subfield code="p">MBA15233</subfield>
    <subfield code="r">2026-02-13 10:33:15</subfield>
    <subfield code="v">719.25</subfield>
    <subfield code="w">2026-02-12</subfield>
    <subfield code="y">BK</subfield>
  </datafield>
</record>
